000 00620nam a22001817a 4500
003 BD-DhUL
005 20180109103630.0
008 180109s1959 bg ||||| |||| 00| 0 ben d
040 _aBD-DhUL
_cBD-DhUL
082 _a891.442
_bMAE
100 0 _aমকসুদ আলী, সৈয়দ
245 0 _aইউরেকা /
_cসৈয়দ মকসুদ আলী
260 _aঢাকা :
_bসূর্যমুখী প্রকাশনী,
_c১৯৫৯।
300 _a৬৭ পৃ. ;
_c১৮ সে.মি.
650 0 _aবাংলা নাটক
650 0 _aBengali drama
942 _2ddc
_cBK
999 _c236918
_d236918